[Event "Commonwealth-ch"]
[Site "Chennai"]
[Date "2012.11.28"]
[Round "8"]
[White "Ankit, R Rajpara"]
[Black "Chandika, Divyasree"]
[Result "1/2-1/2"]
[WhiteElo "2423"]
[BlackElo "2145"]
[PlyCount "72"]
[EventDate "2012.11.23"]
[EventType "swiss"]
[EventRounds "11"]
[EventCountry "IND"]
[SourceTitle "CBM 151 Extra"]
[Source "ChessBase"]
[SourceDate "2012.12.18"]
[SourceVersion "1"]
[SourceVersionDate "2012.12.18"]
[SourceQuality "1"]

1. e4 e5 2. Nf3 Nc6 3. Bc4 Nf6 4. d3 Bc5 5. c3 0-0 6. Bg5 d6 7. Nbd2 Be6 8. 0-0 Kh8 9. Bb5 Bb6 10. Bxc6 bxc6 11. d4 h6 12. Bh4 g5 13. Bg3 exd4 14. Nxd4 Qd7 15. e5 Bg4 16. f3 Nh5 17. Bf2 Be6 18. exd6 cxd6 19. Nxe6 Qxe6 20. Ne4 Rfd8 21. Bxb6 axb6 22. Qd4+ Kg8 23. Qxb6 Rdb8 24. Qxc6 Rxa2 25. Rxa2 Qxa2 26. Nxd6 Rxb2 27. Qe8+ Kg7 28. Qe5+ Kg8 29. Qe8+ Kg7 30. Nf5+ Kh7 31. Ne3 Nf4 32. Qe4+ Kg8 33. Qe8+ Kh7 34. Qe4+ Kg8 35. Qe8+ Kh7 36. Qe4+ Kg8 1/2-1/2

[Event "IND-ch (Women) 39th"]
[Site "Jalgaon"]
[Date "2012.10.25"]
[Round "2"]
[White "Chandika, Divyasree"]
[Black "Swati, Ghate"]
[Result "0-1"]
[WhiteElo "2160"]
[BlackElo "2263"]
[PlyCount "132"]
[EventDate "2012.10.24"]
[EventType "swiss"]
[EventRounds "11"]
[EventCountry "IND"]
[SourceTitle "EXT 2013"]
[Source "ChessBase"]
[SourceDate "2012.11.22"]
[SourceVersion "1"]
[SourceVersionDate "2012.11.22"]
[SourceQuality "1"]

1. e4 c5 2. Nc3 Nc6 3. Bb5 Nd4 4. Bc4 e6 5. Nge2 a6 6. a4 Nf6 7. 0-0 Nc6 8. Ba2 Be7 9. f4 d6 10. d3 0-0 11. f5 exf5 12. exf5 d5 13. Ng3 b5 14. Nce2 Bb7 15. Nf4 Nb4 16. Bb1 d4 17. c3 dxc3 18. bxc3 Nbd5 19. Nxd5 Nxd5 20. Bd2 b4 21. Ne4 bxc3 22. Nxc3 Bf6 23. Qc1 Nb4 24. Ra3 Nxd3 25. Bxd3 Qxd3 26. Nd1 Bd4+ 27. Be3 Qe4 28. Ra2 Rfe8 29. Bxd4 Qxd4+ 30. Raf2 f6 31. Nb2 Rac8 32. Rd1 Qg4 33. Qc4+ Qxc4 34. Nxc4 Bc6 35. Rc1 Rb8 36. a5 h6 37. Nb6 Re5 38. Nc4 Re4 39. Nb6 c4 40. Rfc2 Bb5 41. Nxc4 Bxc4 42. Rxc4 Rxc4 43. Rxc4 Rb5 44. Rc8+ Kh7 45. g4 h5 46. h3 hxg4 47. hxg4 Rb4 48. Rc6 Rxg4+ 49. Kh2 Rf4 50. Rxa6 Rxf5 51. Ra8 Rf3 52. a6 Ra3 53. Kg2 Kg6 54. Kf2 Kf5 55. a7 Kf4 56. Ke2 f5 57. Kd2 Kg4 58. Rb8 Rxa7 59. Rb4+ f4 60. Ke2 Ra2+ 61. Kf1 Kg3 62. Rb5 Ra1+ 63. Ke2 f3+ 64. Ke3 Re1+ 65. Kd2 f2 66. Rg5+ Kh4 0-1

[Event "New Delhi Parsvnath op 10th"]
[Site "New Delhi"]
[Date "2012.01.17"]
[Round "5"]
[White "Palit, Somak"]
[Black "Chandika, Divyasree"]
[Result "1/2-1/2"]
[WhiteElo "2399"]
[BlackElo "2160"]
[PlyCount "88"]
[EventDate "2012.01.15"]
[EventType "swiss"]
[EventRounds "11"]
[EventCountry "IND"]
[SourceTitle "CBM 146 Extra"]
[Source "ChessBase"]
[SourceDate "2012.02.29"]
[SourceVersion "1"]
[SourceVersionDate "2012.02.29"]
[SourceQuality "1"]

1. e4 e5 2. Nf3 Nc6 3. Bb5 a6 4. Bxc6 dxc6 5. d4 exd4 6. Qxd4 Bg4 7. Qxd8+ Rxd8 8. Bg5 f6 9. Be3 Bxf3 10. gxf3 Ne7 11. f4 Ng6 12. f5 Ne5 13. Nd2 Ng4 14. Bf4 Bc5 15. Rf1 Bd4 16. h3 Ne5 17. Ke2 Rd7 18. Rad1 g6 19. c3 Bc5 20. Bxe5 fxe5 21. Nf3 Bd6 22. fxg6 hxg6 23. Rg1 Rf8 24. Rxg6 Rdf7 25. Rd3 Rf4 26. Rg4 Rxg4 27. hxg4 Rf4 28. Nh2 Rxe4+ 29. Re3 Ra4 30. a3 Kf7 31. Kf3 Rf4+ 32. Kg2 e4 33. f3 exf3+ 34. Rxf3 Kg6 35. Rxf4 Bxf4 36. Nf3 c5 37. c4 b5 38. b3 Kf6 39. Kf1 Ke6 40. Ke2 Bc1 41. a4 bxc4 42. bxc4 Kd6 43. Kd3 Kc6 44. Nd2 Bb2 1/2-1/2

[Event "IND-ch (Women) 38th"]
[Site "Chennai"]
[Date "2011.11.05"]
[Round "7"]
[White "Chandika, Divyasree"]
[Black "Nimmy, A George"]
[Result "1-0"]
[WhiteElo "2129"]
[BlackElo "2252"]
[PlyCount "61"]
[EventDate "2011.10.29"]
[EventType "swiss"]
[EventRounds "11"]
[EventCountry "IND"]
[SourceTitle "EXT 2012"]
[Source "ChessBase"]
[SourceDate "2011.11.24"]
[SourceVersion "1"]
[SourceVersionDate "2011.11.24"]
[SourceQuality "1"]

1. e4 c5 2. Nc3 Nc6 3. Bb5 Nd4 4. Nf3 a6 5. Bc4 e6 6. Nxd4 cxd4 7. Ne2 b5 8. Bb3 Bb7 9. d3 Qb6 10. 0-0 Nf6 11. Ng3 d6 12. Bg5 Nd7 13. a3 Qc5 14. Qh5 Be7 15. f4 Nf6 16. Qh3 h5 17. e5 dxe5 18. fxe5 Qxe5 19. Bxf6 Qe3+ 20. Kh1 Bxf6 21. Rae1 Qg5 22. Bxe6 0-0 23. Bf5 h4 24. Ne4 Bxe4 25. Bxe4 Rac8 26. Rf5 Qh6 27. Qg4 Rxc2 28. Ref1 Re8 29. Rh5 Qd2 30. Qf5 Qe2 31. Rh8+ 1-0

[Event "IND-ch (Women) 38th"]
[Site "Chennai"]
[Date "2011.10.31"]
[Round "3"]
[White "Chandika, Divyasree"]
[Black "Harini, S."]
[Result "0-1"]
[WhiteElo "2129"]
[BlackElo "2055"]
[PlyCount "88"]
[EventDate "2011.10.29"]
[EventType "swiss"]
[EventRounds "11"]
[EventCountry "IND"]
[SourceTitle "EXT 2012"]
[Source "ChessBase"]
[SourceDate "2011.11.24"]
[SourceVersion "1"]
[SourceVersionDate "2011.11.24"]
[SourceQuality "1"]

1. e4 c5 2. Nc3 Nc6 3. Nf3 e6 4. d4 cxd4 5. Nxd4 Qc7 6. Be3 a6 7. Qd2 Bb4 8. 0-0-0 Nf6 9. f3 Ne5 10. Nb3 b5 11. Qd4 Be7 12. Kb1 Rb8 13. Be2 d6 14. Rc1 Bd7 15. Qa7 Qc8 16. Bf2 0-0 17. h4 Bd8 18. Bg1 a5 19. Nd1 Nc4 20. Qd4 Nh5 21. Bh2 a4 22. g4 Nf6 23. Bxc4 bxc4 24. Bxd6 axb3 25. cxb3 Ra8 26. Bxf8 Kxf8 27. Rxc4 Qa6 28. Nc3 Ba5 29. g5 Bxc3 30. Rxc3 Nd5 31. exd5 Qxa2+ 32. Kc2 exd5 33. Rc7 Bf5+ 34. Kd2 Qxb3 35. Rhc1 Re8 36. Qc3 Qb8 37. Re1 Be6 38. h5 d4 39. Qa3+ Kg8 40. Rec1 Bf5 41. b4 Qb5 42. R1c4 Qe5 43. Kc1 Qe1+ 44. Kb2 Qb1# 0-1

[Event "IND-ch (Women) 38th"]
[Site "Chennai"]
[Date "2011.10.30"]
[Round "2"]
[White "Gomes, Mary Ann"]
[Black "Chandika, Divyasree"]
[Result "1-0"]
[WhiteElo "2325"]
[BlackElo "2129"]
[PlyCount "135"]
[EventDate "2011.10.29"]
[EventType "swiss"]
[EventRounds "11"]
[EventCountry "IND"]
[SourceTitle "EXT 2012"]
[Source "ChessBase"]
[SourceDate "2011.11.24"]
[SourceVersion "1"]
[SourceVersionDate "2011.11.24"]
[SourceQuality "1"]

1. Nf3 Nf6 2. c4 e6 3. g3 d5 4. b3 d4 5. d3 Be7 6. Bg2 0-0 7. 0-0 Nc6 8. Bb2 a5 9. Na3 e5 10. Nc2 Bf5 11. a3 Re8 12. Re1 Bf8 13. Nh4 Bg4 14. Qd2 Qd7 15. b4 Bh3 16. b5 Bxg2 17. Kxg2 Ne7 18. e3 c5 19. exd4 exd4 20. Re2 Qg4 21. h3 Qd7 22. Ne1 Nf5 23. Nxf5 Qxf5 24. Rxe8 Rxe8 25. Nf3 b6 26. Re1 Rxe1 27. Nxe1 Qe6 28. Nf3 h6 29. Bc1 Bd6 30. Qe1 Kf8 31. Qxe6 fxe6 32. Nd2 Ke7 33. f4 e5 34. fxe5 Bxe5 35. Kf3 Ke6 36. g4 Nh7 37. Ne4 Nf8 38. h4 Ng6 39. h5 Ne7 40. Bd2 Ng8 41. a4 Ne7 42. Bxa5 bxa5 43. Nxc5+ Kf6 44. Nb3 Bc7 45. Nxd4 Ke5 46. Nb3 Bb6 47. d4+ Bxd4 48. Nxa5 Bg1 49. Nb3 Nc8 50. c5 Kd5 51. b6 Ne7 52. a5 Bxc5 53. Nxc5 Kxc5 54. b7 Nc6 55. Ke4 Kd6 56. a6 Kc7 57. Kd5 Nb4+ 58. Ke5 Nc6+ 59. Ke6 Kb8 60. Kd6 Nb4 61. Ke7 Nd3 62. Kf8 Nf2 63. g5 hxg5 64. Kxg7 Ng4 65. Kg6 Ne5+ 66. Kxg5 Nf7+ 67. Kg6 Ne5+ 68. Kg7 1-0

[Event "IND-ch (Women) 38th"]
[Site "Chennai"]
[Date "2011.10.29"]
[Round "1"]
[White "Chandika, Divyasree"]
[Black "Mahalakshmi, Muganda Kumar"]
[Result "1-0"]
[WhiteElo "2129"]
[BlackElo "1954"]
[PlyCount "47"]
[EventDate "2011.10.29"]
[EventType "swiss"]
[EventRounds "11"]
[EventCountry "IND"]
[SourceTitle "EXT 2012"]
[Source "ChessBase"]
[SourceDate "2011.11.24"]
[SourceVersion "1"]
[SourceVersionDate "2011.11.24"]
[SourceQuality "1"]

1. e4 c6 2. d4 d5 3. e5 Bf5 4. Nf3 e6 5. Be2 Nd7 6. 0-0 c5 7. Be3 Ne7 8. c4 cxd4 9. Nxd4 Bxb1 10. Rxb1 Nxe5 11. Qa4+ N5c6 12. cxd5 exd5 13. Bg5 Qa5 14. Qxa5 Nxa5 15. Bb5+ Nac6 16. Rfe1 Kd7 17. Rbd1 f6 18. Bf4 a6 19. Ba4 g5 20. Bg3 h5 21. Ne6 h4 22. Nc5+ Kc8 23. Bd6 Ng6 24. Re8+ 1-0

[Event "Mumbai Mayors Cup 4th"]
[Site "Mumbai"]
[Date "2011.09.17"]
[Round "2"]
[White "Murshed, Niaz"]
[Black "Chandika, Divyasree"]
[Result "1-0"]
[WhiteElo "2442"]
[BlackElo "2129"]
[PlyCount "73"]
[EventDate "2011.09.16"]
[EventType "swiss"]
[EventRounds "11"]
[EventCountry "IND"]
[SourceTitle "CBM 144 Extra"]
[Source "ChessBase"]
[SourceDate "2011.10.28"]
[SourceVersion "1"]
[SourceVersionDate "2011.10.28"]
[SourceQuality "1"]

1. d4 Nf6 2. c4 e6 3. Nc3 Bb4 4. Nf3 c5 5. g3 Nc6 6. d5 Bxc3+ 7. bxc3 Na5 8. Nd2 b6 9. Bg2 Bb7 10. e4 e5 11. 0-0 d6 12. Re1 Ba6 13. Bf1 Qd7 14. Bd3 h5 15. h4 Ng4 16. a4 f6 17. Qe2 0-0-0 18. Nf1 Rdg8 19. f3 Nh6 20. Bxh6 Rxh6 21. Ne3 Kc7 22. Kf2 g5 23. Rh1 Rhg6 24. Nf5 Qe8 25. g4 gxh4 26. Rxh4 Rg5 27. Rah1 hxg4 28. Rxg4 Rxg4 29. fxg4 Qxa4 30. Rh7+ Kb8 31. Nxd6 Qb3 32. Qc2 Qxc2+ 33. Bxc2 Nxc4 34. Nf5 Bc8 35. Ne7 Re8 36. Nc6+ Ka8 37. Rxa7# 1-0

[Event "Wch U20 Girls 29th"]
[Site "Chennai"]
[Date "2011.08.15"]
[Round "13"]
[White "Chandika, Divyasree"]
[Black "Agrest, Inna"]
[Result "1/2-1/2"]
[WhiteElo "2123"]
[BlackElo "2220"]
[PlyCount "92"]
[EventDate "2011.08.02"]
[EventType "swiss"]
[EventRounds "13"]
[EventCountry "IND"]
[SourceTitle "CBM 143 Extra"]
[Source "ChessBase"]
[SourceDate "2011.08.29"]
[SourceVersion "1"]
[SourceVersionDate "2011.08.29"]
[SourceQuality "1"]

1. e4 e5 2. Nf3 Nc6 3. Bb5 a6 4. Ba4 Nf6 5. 0-0 b5 6. Bb3 Bc5 7. d3 d6 8. Be3 0-0 9. Nbd2 Bg4 10. c3 Rb8 11. h3 Bh5 12. Bc2 Bb6 13. Bxb6 Rxb6 14. Re1 Bg6 15. Nf1 d5 16. Ng3 d4 17. Nf5 Nh5 18. Qd2 Qf6 19. cxd4 Bxf5 20. exf5 Qxf5 21. dxe5 Nf4 22. d4 Nxh3+ 23. Kh2 Qh5 24. gxh3 Qxf3 25. Be4 Qh5 26. Rac1 Ne7 27. Rg1 Rh6 28. Rg3 f5 29. Bf3 Qh4 30. Qg5 Qxg5 31. Rxg5 c6 32. Rcg1 Rg6 33. Rxg6 hxg6 34. Rc1 Rd8 35. Bxc6 Rxd4 36. Bb7 Rd2 37. Kg2 g5 38. Bxa6 Rxb2 39. Rc5 Rxa2 40. Bxb5 Ra3 41. Bc4+ Kh7 42. Be6 Ra6 43. Bd7 Ra7 44. Be6 Ra6 45. Bd7 Ra7 46. Be6 Ra6 1/2-1/2

[Event "Wch U20 Girls 29th"]
[Site "Chennai"]
[Date "2011.08.14"]
[Round "12"]
[White "Pratyusha, Bodda"]
[Black "Chandika, Divyasree"]
[Result "0-1"]
[WhiteElo "2064"]
[BlackElo "2123"]
[PlyCount "154"]
[EventDate "2011.08.02"]
[EventType "swiss"]
[EventRounds "13"]
[EventCountry "IND"]
[SourceTitle "CBM 143 Extra"]
[Source "ChessBase"]
[SourceDate "2011.08.29"]
[SourceVersion "1"]
[SourceVersionDate "2011.08.29"]
[SourceQuality "1"]

1. e4 e5 2. Nf3 Nc6 3. Bb5 a6 4. Ba4 Nf6 5. Bxc6 dxc6 6. d3 Bd6 7. Nbd2 c5 8. Nc4 Nd7 9. b3 b5 10. Ne3 Nf8 11. Bb2 Ng6 12. a4 Rb8 13. 0-0 0-0 14. h3 Nf4 15. h4 Ng6 16. g3 Bh3 17. Re1 f6 18. Nh2 Bd7 19. axb5 axb5 20. Qe2 Ne7 21. Nf3 Nc6 22. Nf5 Bxf5 23. exf5 Qd7 24. Qe4 Ne7 25. g4 h5 26. Nh2 hxg4 27. Nxg4 Qxf5 28. Qg2 Qh5 29. f4 Ng6 30. fxe5 fxe5 31. Nxe5 Nf4 32. Qg4 Qxg4+ 33. Nxg4 Ng6 34. h5 Nf4 35. Ne5 Rf5 36. h6 gxh6 37. Re3 Rg5+ 38. Kh1 Re8 39. Ng4 Rxe3 40. Nxe3 Ne2 41. Re1 Nd4 42. Rg1 Kf7 43. Rxg5 hxg5 44. Bxd4 cxd4 45. Nf5 Be5 46. Kg2 Kg6 47. Ne7+ Kf6 48. Nc6 Kf5 49. Na7 Kf4 50. Kf2 b4 51. Nc6 Bd6 52. Nd8 g4 53. Ne6+ Ke5 54. Ng5 Kf5 55. Ne4 Kf4 56. Ng3 Kg5 57. Ne4+ Kh4 58. Kg2 Be5 59. Nd2 Kg5 60. Ne4+ Kf4 61. Kf2 c6 62. Ng3 Bc7 63. Ne2+ Kg5 64. Kg2 Be5 65. Kf2 Kh4 66. Kg2 c5 67. Ng1 Bd6 68. Ne2 Bb8 69. Ng1 Bc7 70. Ne2 g3 71. Ng1 Kg4 72. Nf3 Kf4 73. Nd2 Ke3 74. Ne4 Ke2 75. Nxc5 Kd1 76. Ne6 Be5 77. Nd8 Kxc2 0-1

[Event "Wch U20 Girls 29th"]
[Site "Chennai"]
[Date "2011.08.11"]
[Round "9"]
[White "Chandika, Divyasree"]
[Black "Savina, Anastasia"]
[Result "1/2-1/2"]
[WhiteElo "2123"]
[BlackElo "2398"]
[PlyCount "60"]
[EventDate "2011.08.02"]
[EventType "swiss"]
[EventRounds "13"]
[EventCountry "IND"]
[SourceTitle "CBM 143 Extra"]
[Source "ChessBase"]
[SourceDate "2011.08.29"]
[SourceVersion "1"]
[SourceVersionDate "2011.08.29"]
[SourceQuality "1"]

1. e4 c5 2. Nf3 Nc6 3. d4 cxd4 4. Nxd4 e5 5. Nb5 d6 6. c4 g6 7. N1c3 a6 8. Na3 Be6 9. Nd5 Bh6 10. g3 Bxc1 11. Rxc1 Nf6 12. Bg2 0-0 13. 0-0 Nd4 14. Nc2 Nxc2 15. Nxf6+ Qxf6 16. Rxc2 Qe7 17. b3 b5 18. cxb5 axb5 19. Rd2 Ra6 20. Qe2 Rfa8 21. Rfd1 b4 22. h3 Qa7 23. Qb5 Qc5 24. Qe2 Qa7 25. Qb5 Qc5 26. Qe2 Qa7 27. Qb5 Qc5 28. Qe2 Qa7 29. Qb5 Qc5 30. Qe2 Qa7 1/2-1/2

[Event "Wch U20 Girls 29th"]
[Site "Chennai"]
[Date "2011.08.10"]
[Round "8"]
[White "Bhakti, Kulkarni"]
[Black "Chandika, Divyasree"]
[Result "1/2-1/2"]
[WhiteElo "2317"]
[BlackElo "2123"]
[PlyCount "75"]
[EventDate "2011.08.02"]
[EventType "swiss"]
[EventRounds "13"]
[EventCountry "IND"]
[SourceTitle "CBM 143 Extra"]
[Source "ChessBase"]
[SourceDate "2011.08.29"]
[SourceVersion "1"]
[SourceVersionDate "2011.08.29"]
[SourceQuality "1"]

1. d4 Nf6 2. c4 e6 3. Nc3 Bb4 4. f3 d5 5. a3 Bxc3+ 6. bxc3 c6 7. e3 0-0 8. cxd5 cxd5 9. Bd3 b6 10. Ne2 Ba6 11. Bxa6 Nxa6 12. Qd3 Qc8 13. 0-0 Rd8 14. e4 dxe4 15. Qc2 e5 16. Be3 Nd5 17. Qxe4 Nxe3 18. Qxe3 exd4 19. cxd4 Nc7 20. Rfc1 Qd7 21. a4 Ne6 22. Rd1 Rac8 23. d5 Nc5 24. Qa3 Qe8 25. Ra2 Rd6 26. a5 Rcd8 27. axb6 axb6 28. Rad2 Qa4 29. Qc3 Qb3 30. Qxb3 Nxb3 31. Rb2 Nc5 32. Nc3 f5 33. Kf2 Na6 34. Rdb1 Nc7 35. Rxb6 Rxb6 36. Rxb6 Nxd5 37. Nxd5 Rxd5 38. Rb7 1/2-1/2

[Event "Wch U20 Girls 29th"]
[Site "Chennai"]
[Date "2011.08.07"]
[Round "6"]
[White "Nandhidhaa, PV."]
[Black "Chandika, Divyasree"]
[Result "1/2-1/2"]
[WhiteElo "2101"]
[BlackElo "2123"]
[PlyCount "153"]
[EventDate "2011.08.02"]
[EventType "swiss"]
[EventRounds "13"]
[EventCountry "IND"]
[SourceTitle "CBM 143 Extra"]
[Source "ChessBase"]
[SourceDate "2011.08.29"]
[SourceVersion "1"]
[SourceVersionDate "2011.08.29"]
[SourceQuality "1"]

1. e4 e5 2. Nf3 Nc6 3. Nc3 Nf6 4. Bb5 Bd6 5. d3 h6 6. 0-0 0-0 7. a3 Re8 8. h3 Bf8 9. Bc4 d6 10. Re1 Be6 11. Bxe6 Rxe6 12. d4 exd4 13. Nxd4 Nxd4 14. Qxd4 g6 15. Bf4 Bg7 16. Qd2 Kh7 17. Rad1 Nh5 18. Bh2 Qe8 19. Nd5 Qc6 20. c4 Rae8 21. f3 Nf6 22. b4 Nxd5 23. cxd5 Qb6+ 24. Kh1 R6e7 25. a4 Qa6 26. Qc2 f5 27. Bg1 fxe4 28. fxe4 b6 29. Bd4 Qc8 30. Bxg7 Kxg7 31. Rd4 Rf8 32. Rc4 Rff7 33. Qc3+ Kh7 34. Rc6 Qf8 35. Qd3 Qg7 36. Rec1 Qe5 37. R6c4 Qg5 38. Qc2 Qe3 39. Qc3 Qg5 40. Qd4 Qg3 41. R4c3 Qh4 42. Rc4 Qg3 43. Qc3 Qg5 44. Qd4 Qh4 45. Qd3 Qf2 46. R4c2 Qh4 47. Rc4 Qf2 48. R4c2 Qh4 49. Rc4 Qf2 50. a5 b5 51. R4c2 Qh4 52. a6 Qxe4 53. Qxe4 Rxe4 54. Rxc7 Kg7 55. Rb7 Rxb4 56. Rc6 Rb1+ 57. Kh2 b4 58. Rxd6 b3 59. Rdd7 Rxd7 60. Rxd7+ Kf6 61. Rxa7 Ra1 62. Rb7 Rxa6 63. Rxb3 Ke5 64. Rb5 Rd6 65. Kg3 Rxd5 66. Rxd5+ Kxd5 67. Kf4 Kd4 68. g4 Kd5 69. h4 h5 70. gxh5 gxh5 71. Kg5 Ke6 72. Kxh5 Kf7 73. Kh6 Kg8 74. h5 Kh8 75. Kg6 Kg8 76. h6 Kh8 77. h7 1/2-1/2

[Event "Wch U20 Girls 29th"]
[Site "Chennai"]
[Date "2011.08.05"]
[Round "4"]
[White "Mahalakshmi, Muganda Kumar"]
[Black "Chandika, Divyasree"]
[Result "0-1"]
[WhiteElo "1901"]
[BlackElo "2123"]
[PlyCount "82"]
[EventDate "2011.08.02"]
[EventType "swiss"]
[EventRounds "13"]
[EventCountry "IND"]
[SourceTitle "CBM 143 Extra"]
[Source "ChessBase"]
[SourceDate "2011.08.29"]
[SourceVersion "1"]
[SourceVersionDate "2011.08.29"]
[SourceQuality "1"]

1. d4 Nf6 2. c4 e6 3. Nc3 Bb4 4. e3 b6 5. Nge2 c5 6. a3 Ba5 7. Rb1 Na6 8. Bd2 Bb7 9. Nf4 0-0 10. Bd3 d5 11. cxd5 Bxc3 12. Bxc3 Nxd5 13. Nxd5 Qxd5 14. f3 Qg5 15. Qe2 cxd4 16. Bxd4 e5 17. Bc3 Nc5 18. Bc4 Qh4+ 19. g3 Qh3 20. e4 Rfe8 21. Qf1 Qh5 22. Qe2 a6 23. 0-0 b5 24. Bd3 f5 25. exf5 Nxd3 26. Qxd3 Rad8 27. Qc2 e4 28. fxe4 Bxe4 29. Qb3+ Bd5 30. Qd1 Qh3 31. Rf2 Re3 32. Rd2 Rxg3+ 33. hxg3 Qh1+ 34. Kf2 Qg2+ 35. Ke1 Qxg3+ 36. Rf2 Re8+ 37. Kf1 Bc4+ 38. Re2 Rxe2 39. Qxe2 Qf3+ 40. Kg1 Bxe2 41. Be5 Qe3+ 0-1

[Event "IND-chB (Women) 38th"]
[Site "Chennai"]
[Date "2011.07.09"]
[Round "10"]
[White "Nimmy, A George"]
[Black "Chandika, Divyasree"]
[Result "1/2-1/2"]
[WhiteElo "2222"]
[BlackElo "2123"]
[PlyCount "41"]
[EventDate "2011.07.02"]
[EventType "swiss"]
[EventRounds "11"]
[EventCountry "IND"]
[SourceTitle "CBM 143 Extra"]
[Source "ChessBase"]
[SourceDate "2011.08.29"]
[SourceVersion "1"]
[SourceVersionDate "2011.08.29"]
[SourceQuality "1"]

1. e4 e5 2. Nf3 Nc6 3. Bb5 a6 4. Ba4 Nf6 5. 0-0 Be7 6. Re1 b5 7. Bb3 d6 8. c3 0-0 9. h3 Nb8 10. d4 Nbd7 11. Nbd2 Bb7 12. Bc2 Re8 13. Nf1 Bf8 14. Ng3 g6 15. a4 Bg7 16. d5 Qb8 17. Bg5 c6 18. dxc6 Bxc6 19. axb5 axb5 20. Qd2 d5 21. Rad1 1/2-1/2

[Event "IND-chB (Women) 38th"]
[Site "Chennai"]
[Date "2011.07.03"]
[Round "3"]
[White "Chandika, Divyasree"]
[Black "Monnisha, GK."]
[Result "0-1"]
[WhiteElo "2123"]
[BlackElo "1929"]
[PlyCount "110"]
[EventDate "2011.07.02"]
[EventType "swiss"]
[EventRounds "11"]
[EventCountry "IND"]
[SourceTitle "CBM 143 Extra"]
[Source "ChessBase"]
[SourceDate "2011.08.29"]
[SourceVersion "1"]
[SourceVersionDate "2011.08.29"]
[SourceQuality "1"]

1. e4 e5 2. Nf3 Nc6 3. Bc4 Nf6 4. d3 Bc5 5. c3 0-0 6. Nbd2 d5 7. Bb3 Be6 8. Qe2 Qd7 9. Nf1 d4 10. Bxe6 fxe6 11. c4 a6 12. Ng3 b5 13. cxb5 axb5 14. 0-0 Bd6 15. Bd2 Ne7 16. Ng5 Ng6 17. Nh5 c5 18. f4 exf4 19. Nxf4 Bxf4 20. Bxf4 Nxf4 21. Rxf4 e5 22. Rf5 Qd6 23. Qc2 g6 24. Qb3+ Kh8 25. Rf3 Qe7 26. Raf1 Ng4 27. Qxb5 Qxg5 28. Rxf8+ Rxf8 29. Rxf8+ Kg7 30. g3 Qe3+ 31. Kg2 Qd2+ 32. Kg1 Qxh2+ 33. Kf1 Qh1+ 34. Ke2 Qg2+ 35. Ke1 Qxg3+ 36. Ke2 Kxf8 37. Qxc5+ Kg7 38. Qe7+ Kh6 39. Qf8+ Kh5 40. Qf3 Qh2+ 41. Kd1 Qxb2 42. Qh3+ Kg5 43. Qxh7 Nf2+ 44. Ke1 Nxd3+ 45. Kd1 Qa1+ 46. Kd2 Qc3+ 47. Kd1 Nb2+ 48. Ke2 Qe3+ 49. Kf1 Qf3+ 50. Kg1 d3 51. Qe7+ Kg4 52. Qe6+ Kh4 53. Qe7+ g5 54. Qh7+ Kg4 55. Qd7+ Kg3 0-1

[Event "Chennai op 3rd"]
[Site "Chennai"]
[Date "2011.01.21"]
[Round "6"]
[White "Ratnakaran, Kantoli"]
[Black "Chandika, Divyasree"]
[Result "1-0"]
[WhiteElo "2381"]
[BlackElo "2144"]
[PlyCount "57"]
[EventDate "2011.01.18"]
[EventType "swiss"]
[EventRounds "11"]
[EventCountry "IND"]
[SourceTitle "CBM 140 Extra"]
[Source "ChessBase"]
[SourceDate "2011.03.01"]
[SourceVersion "1"]
[SourceVersionDate "2011.03.01"]
[SourceQuality "1"]

1. e4 e5 2. Nf3 Nc6 3. Bc4 Nf6 4. d3 Bc5 5. 0-0 d6 6. h3 a6 7. c3 Ba7 8. Bb3 h6 9. Be3 0-0 10. Nbd2 Ne7 11. Bxa7 Rxa7 12. Nh4 Be6 13. f4 exf4 14. Rxf4 Nh7 15. Nf5 Nxf5 16. exf5 Bxb3 17. Qxb3 b5 18. Raf1 c6 19. f6 Nxf6 20. Rxf6 gxf6 21. Ne4 Re7 22. Nxf6+ Kh8 23. Qb4 Re6 24. Qh4 Kg7 25. Nh5+ Kh7 26. Rxf7+ Kg8 27. Rg7+ Kh8 28. Qd4 Re5 29. Qa7 1-0

[Event "Jalgaon op"]
[Site "Jalgaon"]
[Date "2010.12.01"]
[Round "11"]
[White "Basu, Suman"]
[Black "Chandika, Divyasree"]
[Result "0-1"]
[WhiteElo "2075"]
[BlackElo "2132"]
[PlyCount "64"]
[EventDate "2010.11.23"]
[EventType "swiss"]
[EventRounds "11"]
[EventCountry "IND"]
[SourceTitle "CBM 139 Extra"]
[Source "ChessBase"]
[SourceDate "2011.01.05"]
[SourceVersion "1"]
[SourceVersionDate "2011.01.05"]
[SourceQuality "1"]

1. e4 e5 2. Nf3 Nc6 3. d4 exd4 4. Bc4 Nf6 5. e5 Ng4 6. 0-0 d6 7. exd6 Qxd6 8. h3 Nh6 9. c3 Be6 10. Bxe6 fxe6 11. Bxh6 gxh6 12. Nxd4 0-0-0 13. Qg4 Nxd4 14. cxd4 h5 15. Qxh5 Rg8 16. Nc3 Qc6 17. f3 Bg7 18. Qxh7 Bxd4+ 19. Kh1 Qd6 20. Nb5 Qg3 21. Qc2 Be5 22. Nxa7+ Kb8 23. f4 Bxf4 24. Rxf4 Qxf4 25. Nc6+ bxc6 26. Qb3+ Ka7 27. Qa3+ Kb6 28. Qb3+ Ka6 29. Qa3+ Kb5 30. Qb3+ Qb4 31. a4+ Ka5 32. Qxe6 Qxb2 0-1

[Event "Jalgaon op"]
[Site "Jalgaon"]
[Date "2010.11.26"]
[Round "5"]
[White "Shweta, Gole"]
[Black "Chandika, Divyasree"]
[Result "1-0"]
[WhiteElo "1814"]
[BlackElo "2132"]
[PlyCount "159"]
[EventDate "2010.11.23"]
[EventType "swiss"]
[EventRounds "11"]
[EventCountry "IND"]
[SourceTitle "CBM 139 Extra"]
[Source "ChessBase"]
[SourceDate "2011.01.05"]
[SourceVersion "1"]
[SourceVersionDate "2011.01.05"]
[SourceQuality "1"]

1. d4 Nf6 2. Nf3 e6 3. e3 b6 4. Bd3 Bb7 5. Nbd2 Be7 6. 0-0 c5 7. b3 cxd4 8. exd4 0-0 9. Bb2 Nc6 10. a3 Re8 11. Rc1 Bf8 12. c4 d5 13. Re1 Rc8 14. Nf1 g6 15. Ng3 Bg7 16. Rc2 dxc4 17. bxc4 Re7 18. h4 Ne8 19. Qa1 Na5 20. Nd2 Rd7 21. h5 Bxd4 22. hxg6 hxg6 23. Be4 Qf6 24. Bxd4 Qxd4 25. Qa2 Ba6 26. Rec1 Kg7 27. Nf3 Qf6 28. Nd2 Rdc7 29. Bd3 Qd4 30. Be2 Nd6 31. c5 Bxe2 32. Nxe2 Qd3 33. Qb2+ Kg8 34. Nf1 Rxc5 35. Rd2 Ndc4 36. Rxd3 Nxb2 37. Rxc5 bxc5 38. Rd7 a6 39. Ne3 Na4 40. Ng4 Nc6 41. Nh6+ Kg7 42. Nxf7 Kf6 43. g4 g5 44. Ng3 Nb8 45. Nh5+ Kg6 46. Ne5+ Kh6 47. Nf7+ Kg6 48. Ne5+ Kh6 49. Rg7 Rf8 50. Rg6+ Kh7 51. Rg7+ Kh6 52. Nf7+ Rxf7 53. Rxf7 c4 54. Rc7 c3 55. Ng3 a5 56. Ne4 Na6 57. Rc4 Nb6 58. Rxc3 Nd5 59. Rc6 Nac7 60. Nc5 Kg6 61. Nxe6 Nxe6 62. Rxe6+ Kf7 63. Re5 Nf4 64. Rxa5 Kf6 65. Rf5+ Ke6 66. Rxf4 gxf4 67. Kg2 Ke5 68. Kf3 Kd4 69. Kxf4 Kc3 70. g5 Kb3 71. g6 Kxa3 72. g7 Kb4 73. g8Q Kc5 74. Qd8 Kc6 75. Ke5 Kb5 76. Qc7 Ka6 77. Qb8 Ka5 78. Kd4 Ka4 79. Kc4 Ka3 80. Qb3# 1-0